| 000 | 00473cam a2200181 4500 | ||
|---|---|---|---|
| 001 | D6495 | ||
| 008 | 090401t1983 xxu||||| |||| 00| 0 eng d | ||
| 035 | _a(Sirsi) u1161 | ||
| 041 | _aeng | ||
| 050 | _a526.9028 | ||
| 100 | _aLaurila, Simo H | ||
| 245 | _aElectronic surveying in practice, with a contribution by David W Harris | ||
| 260 |
_aNew York _bJohn Wiley and Sons _c1983 |
||
| 300 | _axiii. 388p. 23cm | ||
| 350 | _a35.75 | ||
| 942 | _n0 | ||
| 948 | _c04/03/1997 | ||
| 999 |
_c85635 _d85635 |
||